000 00776nam a2200229Ia 4500
003 OSt
005 20251205152905.0
008 210719s1975 xx 000 0 und d
040 _cAL
041 _aSanskrit
082 _aS891.4 NAGR
100 _aNAGACHANDRA.
_dनागचन्द्र
_9247942
245 _aRamachandracharitapuranam.
_bरामचन्द्रचरितपुराणां
260 _aBengaluru
_bBharatiya Jnanapitha Prakashana
_c1975
300 _axiii,604
_bHB
365 _b40
_cRs
650 _aSanskrit Literature
_9247943
650 _aSanskrit Prose
_9247944
700 _aR C Hirematha.
_dआर सी हिरेमठ ed.
_9247945
906 _aAr ; by ; Ed ; Hirematha. ; Ramachandracharitapuranam. ; Si
942 _2ddc
_cBK
999 _c213052
_d213052